000 00419nmm a2200145Ia 4500
008 251105s9999||||xx |||||||||||||||||und||
041 _aspa
100 _aMadrid, Juan
245 0 _aAsuntos de rutina :
_b Brigada Central 2
264 _a[Madrid, España] :
_bEdiciones B,
_c2016
300 _a544 páginas
650 _aThriller & Suspense
856 _uhttps://public.digitaliapublishing.com/a/53775
942 _cCF
999 _c105862
_d105862